Information systems : a management perspective /
Salvato in:
| Autore principale: | |
|---|---|
| Natura: | Libro |
| Pubblicazione: |
Reading, Mass. :
Addison Wesley,
c1999.
|
| Edizione: | 3rd ed. |
| Soggetti: | |
| Tags: |
Aggiungi Tag
Nessun Tag, puoi essere il primo ad aggiungerne!!
|
MARC
| LEADER | 00000cam a2200000 a 4500 | ||
|---|---|---|---|
| 020 | |a 0201351099 (hc.) |c TZS 115,125 | ||
| 040 | |a MUL |b eng |e AACR | ||
| 082 | 0 | 0 | |a 658.4038011 ALT |
| 100 | 1 | |a Alter, Steven. | |
| 245 | 1 | 0 | |a Information systems : |b a management perspective / |c Steve Alter. |
| 250 | |a 3rd ed. | ||
| 260 | |a Reading, Mass. : |b Addison Wesley, |c c1999. | ||
| 300 | |a xviii, 523 p. : |b ill. (some col.) ; |c 28 cm. | ||
| 504 | |a Includes bibliographical references and index. | ||
| 650 | 0 | |a Management information systems. | |
| 942 | |c BK | ||
| 999 | |c 5605 |d 5605 | ||